Grolier classics: Don quixote, Plutarch's lifes, The Republic, Canterbury tales
Bewaard in:
| Formaat: | Boek |
|---|---|
| Taal: | Undetermined |
| Gepubliceerd in: |
New York
Grolier
1956
|
| Onderwerpen: | |
| Tags: |
Voeg label toe
Geen labels, Wees de eerste die dit record labelt!
|
| Thư viện lưu trữ: | Trung tâm Học liệu Trường Đại học Cần Thơ |
|---|
| LEADER | 00474nam a2200157Ia 4500 | ||
|---|---|---|---|
| 001 | CTU_26711 | ||
| 008 | 210402s9999 xx 000 0 und d | ||
| 082 | |a 808.3 | ||
| 082 | |b G875d | ||
| 245 | 0 | |a Grolier classics: Don quixote, Plutarch's lifes, The Republic, Canterbury tales | |
| 260 | |a New York | ||
| 260 | |b Grolier | ||
| 260 | |c 1956 | ||
| 650 | |a literature - history and criticism | ||
| 904 | |i Minh, 981019 | ||
| 980 | |a Trung tâm Học liệu Trường Đại học Cần Thơ | ||